LEADER 01722nam a2200325 u 4500 001 000000113164 003 CaOOAMICUS 005 20080924163312.0 008 080924r20072003it u000 u ita r 040 $aPUL$bita$dLDB 041 1 $aita$hfre 100 1 $aFuret, François,$d1927-1997.$0(OLS)http://pul/name/15590 240 10$aRévolution française.$lItaliano.$0(OLS)http://pul/title/91399 245 13$aLa Rivoluzione francese /$cFrançois Furet, Denis Richet ; traduzione di Silvia Brilli Cattarini e Carla Patanè. 260 $aMilano :$bIl Giornale :$bA. Mondadori ;$aRoma :$bLaterza,$cc2003$g2007 300 $a2 v. ;$c22 cm. 490 1 $aBiblioteca storica. Età moderna ;$v38-39 500 $aEdizione speciale per "Il Giornale". 504 $aInclude riferimenti bibliografici. 505 0 $av. 1. Dagli Stati generali al 9 termidoro -- v. 2. Dal 9 termidoro al 18 brumaio. 651 4$aFrancia$xStoria$yRivoluzione, 1789-1799.$0(OLS)http://pul/subject/5918 700 1 $aRichet, Denis,$d1927-1989.$0(OLS)http://pul/name/69766 830 0$aBiblioteca storica (Il Giornale)$p[Età moderna] ;$v38-39.$0(OLS)http://pul/title/136797 850 $aPUL 852 $aPUL$W1$xDP2 Filosofia 3$y112$m940. 2 COLL 1.38$j129300$av. 1$qDDC 21$B128395$CPULBib$Z2$F128395 $H108154 $82 852 $aPUL$W1$xDP2 Filosofia 3$y112$m940. 2 COLL 1.39$j129301$av. 2$qDDC 21$B128396$CPULBib$Z2$F128396 $H108155 $82 941 1 $a9 996 $6245$aLa Rivoluzione francese$9(OLS)http://pul/title/142187 996 $6260$aMilano :$bIl Giornale :$bA. Mondadori$9(OLS)http://pul/publisher/79097 996 $6260$aRoma :$bLaterza$9(OLS)http://pul/publisher/47864 LEADER 01111nam a2200301 a 4500 001 000000136535 003 CaOOAMICUS 005 20131129125841.0 008 131129s2006 it a u000 u ita r 020 $a88-459-2044-5 040 $aPUL$bita 041 1 $aita$hger 100 1 $aSebald, Winfried G.$0(OLS)http://pul/name/87942 240 10$aAusterlitz.$lItaliano.$0(OLS)http://pul/title/172791 245 10$aAusterlitz /$cW.G. Sebald ; traduzione di Ada Vigliani. 260 $aMilano :$bAdelphi,$c2006. 300 $a315 p. :$bill. ;$c20 cm 490 1 $aAdelphi ;$v281 700 1 $aVigliani, Ada.$0(OLS)http://pul/name/87944 830 4$aGli Adelphi ;$v281.$0(OLS)http://pul/title/101049 850 $aPUL 852 $aPUL$W1$xDP1 Fondo E. Rossi$y115$m2 D 84$j157271$qFondi$B156731$CPULBib$Z2$F156731 $82 941 1 $a1 961 $aSul dorso collocazione ms. di E. Rossi: IV 78 00 996 $6020$a88-459-2044-5$9(OLS)http://pul/number/154058 996 $6245$aAusterlitz$9(OLS)http://pul/title/172789 996 $6260$aMilano :$bAdelphi$9(OLS)http://pul/publisher/51018